00790nam a2200205 a 450000100100000000500170001000800410002704000250006804100080009324501200010126000350022130000270025649000220028370000360030570000410034171000510038283000290043395201050046299900170056700004447520201002045412.0140702s1996 dr a 000 0 spa d aDO-SdBNPbspacBNPHU17aeng00aSummer adventures :bEnglish 4th-6th grade /cilustración Rafael Mulett Irrizarry ; coordinador Ivelisse Morales. aSanto Domingo :bCONEP,c1996. a68 p. :bil. ;c28 cm.1 aSummer adventures12aMorales, Ivelisseecoor.97249712aMulett Irrizarry, Rafaeleil.9724982 aConsultores Educativos y Psicológicos972499 0aSummer adventures972500 0010718PDaPDbPDcCTd2014-07-02iLF1l0o p44475-10r2020-06-25w2020-06-25yLFPDZNo se presta c43964d43964